Computerschnittstellen. Dokumentation der Hard und Software mit Anwendungsbeispielen. Centronic. IEC-BUS /

Guardado en:
Detalles Bibliográficos
Autores principales: Preus, Lothar (Autor), Musa, Harald (Autor)
Formato: Libro
Publicado: München : Carl Hanser Verlag, 1990
Etiquetas: Agregar Etiqueta
Sin Etiquetas, Sea el primero en etiquetar este registro!

MARC

LEADER 00000nam a22000003a 4500
001 stu47051
005 20150617225712.4
008 ------s1990----gw----------------------d
040 |a STU  |b slo 
041 0
044 |a gw 
080 |a 681.3 
100 1 |a Preus, Lothar  |4 aut 
245 1 |a Computerschnittstellen. Dokumentation der Hard und Software mit Anwendungsbeispielen. Centronic. IEC-BUS /  |c [aut.] Preus,Lothar; Musa,Harald 
260 |a München :  |b Carl Hanser Verlag,  |c 1990 
700 1 |a Musa, Harald  |4 aut 
996 |b J85578  |c J*85578/K 3  |l JJK3  |s P  |a 0  |w stu47051_0001